| 000 | 00690nam a22002537a 4500 | ||
|---|---|---|---|
| 003 | OSt | ||
| 005 | 20220107122833.0 | ||
| 008 | 170818b xxu||||| |||| 00| 0 eng d | ||
| 020 | _a9788184892376 | ||
| 040 | _cIIITMK | ||
| 082 | _a005.82 XIA/W | ||
| 100 |
_aXiao, Yang _912868 |
||
| 245 | _aWireless network security | ||
| 260 |
_aNew York, _bSpringer, _c2007. |
||
| 300 | _aviii,422p | ||
| 440 |
_aSignals and communication technology _912869 |
||
| 650 |
_aCOMPUTER SCIENCE _912870 |
||
| 650 |
_aNETWORK SECURITY _912871 |
||
| 650 |
_aCRYPTOGRAPHY _912872 |
||
| 650 |
_aMOBILE SECURITY _912873 |
||
| 700 |
_aShen, Xuemin _912874 |
||
| 700 |
_aDu, Ding-zhu _912875 |
||
| 942 |
_2ddc _cBK |
||
| 999 |
_c5842 _d5842 |
||